000
00338nam a22001457a 4500
005
20231103123945.0
008
231103b |||||||| |||| 00| 0 eng d
041
_a
eng
082
_a
622.14
100
_a
UNIVERSAL MINING SCHOOL
_9
8222
245
_a
MINE SURVEYING [VOL-3]
260
_a
GT.BRITAIN
_b
U.M.S
300
_a
553;p
942
_c
BK
999
_c
8445
_d
8443